000 00460nam a22001577a 4500
999 _c524614
_d524614
003 NUST
038 _aMr. Zahoor
082 _a621.3
100 _aAisha Qamar
_915418
245 _aScenario Based Robert Control Design for Uninterruptible Power Supplies and DC-DC Buck Converter /
260 _aIslamabad :
_bCEME - NUST,
_c2016.
300 _aill, 52 p. ;
500 _aHardcover.
600 _2Electrical Engineering - MS Thesis
942 _2ddc
_cTHE